Art of negotiation (Record no. 11677)

MARC details
000 -LEADER
fixed length control field 00340nam a2200145Ia 4500
008 - FIXED-LENGTH DATA ELEMENTS--GENERAL INFORMATION
fixed length control field 230312s9999||||xx |||||||||||||| ||und||
020 ## - INTERNATIONAL STANDARD BOOK NUMBER
International Standard Book Number 0-948797-93-2
082 ## - DEWEY DECIMAL CLASSIFICATION NUMBER
Classification number 720.19
Item number BUT-A
100 ## - MAIN ENTRY--PERSONAL NAME
Personal name Butler;David
245 #0 - TITLE STATEMENT
Title Art of negotiation
260 ## - PUBLICATION, DISTRIBUTION, ETC.
Name of publisher, distributor, etc. London color
Place of publication, distribution, etc. USA
Date of publication, distribution, etc. 2007
300 ## - PHYSICAL DESCRIPTION
Extent 292
650 ## - SUBJECT ADDED ENTRY--TOPICAL TERM
Topical term or geographic name entry element Architecture
942 ## - ADDED ENTRY ELEMENTS (KOHA)
Koha item type BOOK
Holdings
Withdrawn status Lost status Damaged status Not for loan Home library Current library Date acquired Total Checkouts Full call number Barcode Date last seen Price effective from Koha item type
        Superior Information Resource Center (SIRC) Superior University- Main Campus Superior Information Resource Center (SIRC) Superior University- Main Campus 03/13/2023   720.19 BUT-A 11807 03/13/2023 03/13/2023 BOOK

Powered by Koha